00502nam a2200193 a 4500001001300000003000900013005001700022008004100039020001000080082001500090100002100105245005800126260003700184300000800221500003500229505001200264650001100276700002100287nice12345678IN_TiNIC20260116011946.0050524s1940 laha grp 000 0 eng  ac10000a297.4bHUS aHussain, S Ahmad aPhilosophy of Fakirs (eng) and Falsafa-I-Fuqara(urdu) aLahorebShaikh Mohd Ashrafc1940 a49p aincludes index and biblioraphy2 aTurkish aSufism1 aHussain, S Ahmad